000 00364 a2200109 4500
001 ART_39581
005 20260410162012.0
008 260409a
245 1 0 _aDel sujeto iluminista al estado paternalista
100 1 _aWeisman, Diego
773 0 _tDocumentos del CIECE
_gEnsayos sobre racionalidad en economía - Nº 4 (ene./jun. 2008)
_wREV39541
999 _c32281
_d32281